The principles of object-oriented JavaScript / (Record no. 93946)
[ view plain ]
| 000 -LEADER | |
|---|---|
| fixed length control field | 01813nam a2200409 i 4500 |
| 001 - CONTROL NUMBER | |
| control field | ebr10845709 |
| 003 - CONTROL NUMBER IDENTIFIER | |
| control field | CaPaEBR |
| 006 - FIXED-LENGTH DATA ELEMENTS--ADDITIONAL MATERIAL CHARACTERISTICS--GENERAL INFORMATION | |
| fixed length control field | m o d |
| 007 - PHYSICAL DESCRIPTION FIXED FIELD--GENERAL INFORMATION | |
| fixed length control field | cr cn||||||||| |
| 008 - FIXED-LENGTH DATA ELEMENTS--GENERAL INFORMATION | |
| fixed length control field | 140317t20142014caua o 001 0 eng d |
| 020 ## - INTERNATIONAL STANDARD BOOK NUMBER | |
| Cancelled/invalid ISBN | 9781593275402 |
| International Standard Book Number | 9781593275761 (e-book) |
| 040 ## - CATALOGING SOURCE | |
| Original cataloging agency | CaPaEBR |
| Language of cataloging | eng |
| Description conventions | rda |
| -- | pn |
| Transcribing agency | CaPaEBR |
| 035 ## - SYSTEM CONTROL NUMBER | |
| System control number | (OCoLC)871259736 |
| 050 14 - LIBRARY OF CONGRESS CALL NUMBER | |
| Classification number | QA76.73.J39 |
| Item number | .Z357 2014eb |
| 082 04 - DEWEY DECIMAL CLASSIFICATION NUMBER | |
| Classification number | 005.1/17 |
| Edition number | 23 |
| 100 1# - MAIN ENTRY--PERSONAL NAME | |
| Personal name | Zakas, Nicholas C., |
| Relator term | author. |
| 245 14 - TITLE STATEMENT | |
| Title | The principles of object-oriented JavaScript / |
| Statement of responsibility, etc | by Nicholas C. Zakas ; publisher William Pollock ; production editor Serena Yang ; cover illustration Charlie Wylie. |
| 264 #1 - PRODUCTION, PUBLICATION, DISTRIBUTION, MANUFACTURE, AND COPYRIGHT NOTICE | |
| Place of production, publication, distribution, manufacture | San Francisco, California : |
| Name of producer, publisher, distributor, manufacturer | No Starch Press, |
| Date of production, publication, distribution, manufacture, or copyright notice | 2014. |
| Date of production, publication, distribution, manufacture, or copyright notice | �2014 |
| 300 ## - PHYSICAL DESCRIPTION | |
| Extent | 1 online resource (122 pages) : |
| Other physical details | illustrations, tables |
| 336 ## - CONTENT TYPE | |
| Content type term | text |
| Source | rdacontent |
| 337 ## - MEDIA TYPE | |
| Media type term | computer |
| Source | rdamedia |
| 338 ## - CARRIER TYPE | |
| Carrier type term | online resource |
| Source | rdacarrier |
| 500 ## - GENERAL NOTE | |
| General note | Includes index. |
| 588 ## - SOURCE OF DESCRIPTION NOTE | |
| Source of description note | Description based on print version record. |
| 590 ## - LOCAL NOTE (RLIN) | |
| Local note | Electronic reproduction. Palo Alto, Calif. : ebrary, 2014. Available via World Wide Web. Access may be limited to ebrary affiliated libraries. |
| 650 #0 - SUBJECT ADDED ENTRY--TOPICAL TERM | |
| Topical term or geographic name as entry element | JavaScript (Computer program language) |
| Topical term or geographic name as entry element | Object-oriented programming languages. |
| 655 #0 - INDEX TERM--GENRE/FORM | |
| Genre/form data or focus term | Electronic books. |
| 700 1# - ADDED ENTRY--PERSONAL NAME | |
| Personal name | Pollock, William, |
| Relator term | publisher. |
| Personal name | Yang, Serena, |
| Relator term | editor. |
| Personal name | Wylie, Charlie, |
| Relator term | cover designer. |
| 776 08 - ADDITIONAL PHYSICAL FORM ENTRY | |
| Display text | Print version: |
| Main entry heading | Zakas, Nicholas C. |
| Title | Principles of object-oriented JavaScript. |
| Place, publisher, and date of publication | San Francisco, California : No Starch Press, c2014 |
| Physical description | xix, 97 pages |
| International Standard Book Number | 9781593275402 |
| Record control number | 2013048973 |
| 797 2# - LOCAL ADDED ENTRY--CORPORATE NAME (RLIN) | |
| Corporate name or jurisdiction name as entry element | ebrary. |
| 856 40 - ELECTRONIC LOCATION AND ACCESS | |
| Uniform Resource Identifier | <a href="http://site.ebrary.com/lib/rucke/Doc?id=10845709">http://site.ebrary.com/lib/rucke/Doc?id=10845709</a> |
| Public note | An electronic book accessible through the World Wide Web; click to view |
No items available.
